000 00420nmm a2200157Ia 4500
008 251105s9999||||xx |||||||||||||||||und||
041 _aspa
100 _aBrooke, Gun
245 0 _aCafé sonata
264 _a[Madrid, España] :
_bEditorial Egales,
_c2019
300 _a456 páginas
490 _aNarrativa
650 _aOther narratives
856 _uhttps://public.digitaliapublishing.com/a/160848
942 _cCF
999 _c100220
_d100220